000 00628cab a2200193 4500
001 WB2612-15
008 090401t1990 xxu||||| |||| 00| 0 eng d
035 _a(Sirsi) u15616
041 _aeng
245 _aHigh cost of living in the South
260 _c1990
350 _a0
490 _aFinancial Times
_v22/3/90 p10
490 _aGuardian
_v22/3/90 p4
520 _aThe Reward Group `s survey , comparing cost of living and salaries , finds that London comes out worst but relocation from the south is hampered by the depressed property market .
690 _aECONOMIC AND SOCIAL
942 _n0
948 _c04/03/1997
999 _c10263
_d10263